000 00270nam a22001217a 4500
008 1709 25b xxu||||| |||| 00| 0 eng d
041 _aeng
080 _a 37
100 _a46
101 _aEDU
245 _aESSAYS ON A LIBERAL EDUCATION
_cFARRAR,F.W
942 _2udc
_cBK
999 _c29710
_d29710